Statistiques concernant Les animaux dans la mythologie grecque

Cliquez ici pour prendre le quiz!

Statistiques générales

  • Ce quiz a été pris 146 fois
  • Le résultat moyen est 8 sur 12

Statistiques - réponses

NomAnimal% Correct
Pégasecheval
99%
Basilic | Pythonserpent
98%
Cerbèrechien
98%
Minotauretaureau
96%
Néméelion
87%
Caucaseaigle
55%
Amalthéechèvre
49%
Calydon - Erymanthesanglier
43%
Céryniebiche
31%
Teumesserenard
23%
Crommyontruie
18%

Distribution des résultats

Percentile par nombre de réponses

% des personnes avec chaque résultat

Votre développement - résultats

Vous n’avez pas pris ce quiz